| 000 | 00961nam a22002417a 4500 | ||
|---|---|---|---|
| 999 |
_c15917 _d15918 |
||
| 003 | MIRAKIL | ||
| 005 | 20240429120758.0 | ||
| 008 | 240422b tu ||||| |||| 00| 0 tur d | ||
| 020 | _a9789751633347 | ||
| 040 |
_aTR-AnCHP _cTR-AnCHP |
||
| 041 | _atur | ||
| 082 |
_a956.100491992 _bS32b 2021 |
||
| 100 | _aShaw, Stanford Jay | ||
| 245 | 1 | 0 |
_aBirinci Dünya Savaşı'nda Osmanlı İmparatorluğu : _b-Ermeniler- / _cStanford J. Shaw ; çeviren Şadi Dinlenç |
| 260 |
_aAnkara : _bTürk Tarih Kurumu Yayınları, _c2021. |
||
| 300 |
_axi, 211 sayfa ; _c21 cm. |
||
| 490 | 0 |
_aAtatürk Kültür, Dil ve Tarih Yüksek Kurumu. _aTürk Tarih Kurumu yayınları, IV/A-2-2.1. dizi ; _vsayı: 37 |
|
| 504 | _aKaynakça: 193-205. sayfa | ||
| 650 | 0 |
_9710 _aOsmanlı İmparatorluğu _y1914-1918 |
|
| 650 | 0 |
_95657 _aBirinci Dünya savaşı _xErmeniler |
|
| 856 | _zDijital Nüshası için Partimizin Kütüphane Sorumlusu ile iletişime geçiniz. | ||
| 942 |
_2ddc _cBKS |
||